| 000 | 00781nam a2200217 u 4500 | ||
|---|---|---|---|
| 005 | 20240924071550.0 | ||
| 008 | 140703s2003 r 000 0 eng d | ||
| 020 | _a9685710791 | ||
| 035 | _aUPN01000198520 | ||
| 049 | _aF | ||
| 050 | 4 |
_aLB1707 _bD3.2 |
|
| 100 | 1 |
_aDarling-Hammond, Linda, _d1951- _936247 |
|
| 245 | 1 | 3 |
_aEl desarrollo profesional de los maestros : _bnuevas estrategias y políticas de apoyo / _cLinda Darling-Hammond, Milbrey W. McLaughlin. |
| 260 |
_aMéxico : _bSEP, _c2003. |
||
| 300 | _a31 p. | ||
| 440 | 0 |
_aCuadernos de discusión ; _v9 |
|
| 534 |
_pTítulo original : _tPolicies that support profesional development in an era of reform |
||
| 650 | 4 |
_aMaestros _xFormación profesional _9804 |
|
| 700 | 1 |
_aMcLaughlin, Milbrey W., _ecoaut. |
|
| 905 | _aLibro | ||
| 999 |
_c170621 _d170621 |
||